<?xml version="1.0" encoding="UTF-8"?>
<marc:record xmlns:marc="http://www.loc.gov/MARC21/slim">
   <marc:leader>00000nam a2200000 a 4500</marc:leader>
   <marc:datafield ind1="1" ind2=" " tag="100">
      <marc:subfield code="a">Dutzler, Herbert</marc:subfield>
      <marc:subfield code="4">aut</marc:subfield>
      <marc:subfield code="e">Verfasser/-in</marc:subfield>
   </marc:datafield>
   <marc:datafield ind1="0" ind2="0" tag="245">
      <marc:subfield code="a">Die Einsamkeit des Bösen</marc:subfield>
   </marc:datafield>
   <marc:datafield ind1="0" ind2="0" tag="245">
      <marc:subfield code="b">Kriminalroman</marc:subfield>
   </marc:datafield>
   <marc:datafield ind1=" " ind2="1" tag="264">
      <marc:subfield code="b">Haymon</marc:subfield>
      <marc:subfield code="c">2016</marc:subfield>
   </marc:datafield>
   <marc:datafield ind1="1" ind2=" " tag="520">
      <marc:subfield code="a">Alexandra ist mit ihrem Leben zufrieden. Sie hat einen interessanten Job, zwei tolle Kinder und einen wundervollen Ehemann. Doch auf einmal gerät ihre heile Welt aus den Fugen ein Millionengewinn im Lotto entpuppt sich für die Familie als Fluch.
Und plötzlich holen Alexandra die dunklen Schatten ihrer Vergangenheit ein denn sie trägt ein dunkles Geheimnis mit sich...</marc:subfield>
   </marc:datafield>
   <marc:datafield ind1=" " ind2=" " tag="020">
      <marc:subfield code="a">9783709972571</marc:subfield>
      <marc:subfield code="9">9783709972571</marc:subfield>
   </marc:datafield>
</marc:record>
